|
|
|
|
| LEADER |
00000nam2a2200000 4500 |
| 001 |
164436 |
| 005 |
20231031161241.0 |
| 010 |
|
|
|a 5765100791
|
| 010 |
|
|
|a 978-5-222-15497-7
|
| 035 |
|
|
|a (RuTPU)RU\TPU\book\178392
|
| 035 |
|
|
|a RU\TPU\book\151417
|
| 090 |
|
|
|a 164436
|
| 100 |
|
|
|a 20080610d2009 m y0rusy50 ca
|
| 101 |
0 |
|
|a rus
|a eng
|
| 102 |
|
|
|a RU
|
| 105 |
|
|
|a a j 000zy
|
| 200 |
0 |
|
|a Ч. 1
|
| 210 |
|
|
|d 2009
|
| 215 |
|
|
|a 384 с.
|c ил.
|
| 330 |
|
|
|a Данное учебное пособие построено на компетентностном подходе к подготовке профессиональных переводчиков. Книга содержит материалы, необходимые преподавателю на занятиях, дает понимание особенностей методики обучения устному переводу, исходя из специфики тех трудностей, с которыми устный переводчик сталкивается в своей работе.
|
| 451 |
|
1 |
|0 (RuTPU)RU\TPU\book\151417
|y 5-7651-0079-1
|t Ч. 1
|d 2008
|p 384 с.
|
| 461 |
|
1 |
|0 (RuTPU)RU\TPU\book\158048
|t Устный перевод. Английский язык
|o учебное пособие
|f М. В. Вербицкая, Т. Н. Беляева, Е. С. Быстрицкая
|v Ч. 1
|d 2009
|
| 606 |
1 |
|
|a Английский язык
|x Учебные пособия для высшей вколы
|x Перевод
|x Стилистика
|2 stltpush
|3 (RuTPU)RU\TPU\subj\67657
|
| 610 |
1 |
|
|a устный перевод
|
| 610 |
1 |
|
|a переводы
|
| 610 |
1 |
|
|a речь
|
| 610 |
1 |
|
|a риторика
|
| 610 |
1 |
|
|a мнемотехника
|
| 610 |
1 |
|
|a имена собственные
|
| 610 |
1 |
|
|a корректность
|
| 610 |
1 |
|
|a учебные пособия
|
| 686 |
|
|
|a Ш143.21-923.7
|v LBC/SL-A
|2 rubbk
|
| 801 |
|
1 |
|a RU
|b 63413507
|c 20090907
|
| 801 |
|
2 |
|a RU
|b 63413507
|c 20091019
|g RCR
|
| 900 |
|
|
|a Перевод в сфере делового общения
|
| 900 |
|
|
|a Перевод в сфере научно-технической деятельности
|
| 942 |
|
|
|c BK
|
| 951 |
|
|
|a 520000
|
| 953 |
|
|
|b 031202
|e 1
|
| 959 |
|
|
|a 89/20090907
|d 1
|e 240,00
|f ЧЗИЛ:1
|